Normal view
MARC view
Entry Personal Name
001 - CONTROL NUMBER
- control field: 61013
003 - CONTROL NUMBER IDENTIFIER
- control field: dpl
005 - DATE AND TIME OF LATEST TRANSACTION
- control field: 20240117124329.0
008 - FIXED-LENGTH DATA ELEMENTS
- fixed length control field: 240117|| aca||aabn | a|a d
040 ## - CATALOGING SOURCE
- Original cataloging agency: dpl
- Transcribing agency: dpl
100 ## - HEADING--PERSONAL NAME
- Personal name: Kailash Chandra
670 ## - SOURCE DATA FOUND
- Source citation: Work cat.: (dpl)200184: Chandra, Kailash 61012, Faunal Diversity of Biogeogrsphic Zones: Coasts of India/, 2020
